Capitales du monde : Mort Subite - Statistiques

Statistiques générales
  • Ce quiz a été pris 1 014 fois
  • Le résultat moyen est 6 sur 23
Answers on the Grid
Answers color-coded by a green-red scale on the quiz's grid according to % correct below.
Istanbul
Sydney
New York
La Paz
Colombo
Cotonou
Cracovie
Toronto
Mumbai
Barcelone
Porto
Münich
Salzbourg
Port Kensigton
Montreal
Sao Paulo
Brisbane
Lagos
Shangai
Marrakech
Casablanca
Abidjan
Port Moresby
Erevan
Kyoto
Windhoek
Maputo
Gitega
Vientiane
Bichkek
Asunción
Montevideo
Sucre
Dacca
Dili
Port Moresby
Funafuti
Malabo
Palikir
Douchanbé
Montréal
Glasgow
Saint-Pétersbourg
Tunis
Ankara
Yamoussoukro
Genève
Libreville
Conakry
Berne
 
Statistiques - réponses
Réponse % Correct
Tunis
51%
Ankara
47%
Berne
44%
Montevideo
37%
Sucre
32%
Dacca
29%
Libreville
29%
Erevan
28%
Yamoussoukro
26%
Asunción
25%
Conakry
24%
Bichkek
23%
Windhoek
21%
Vientiane
20%
Dili
19%
Douchanbé
19%
Funafuti
19%
Port Moresby
19%
Maputo
18%
Port Moresby
18%
Malabo
15%
Gitega
13%
Palikir
13%
Aucun quiz correspondant
Distribution des résultats
% des personnes avec chaque résultat
Percentile par nombre de réponses
Votre historique - résultats
Vous n’avez pas pris ce quiz